| 000 | 00624nam a2200205Ia 4500 | ||
|---|---|---|---|
| 003 | GCL | ||
| 008 | 140319s9999 xx 000 0 ara d | ||
| 040 |
_aGCL / _cGCL |
||
| 082 | 0 | 4 |
_a128.1 _bم ت |
| 100 | 1 | _aعبدالوهاب الصادق | |
| 245 | 1 | 0 |
_aالاتصال بالاعماق / _cعبدالوهاب الصادق |
| 700 | 1 | _aالمهراجا ماهيش يوجى | |
| 260 |
_a[S.N] : _bدار المطبوعات الجديدة |
||
| 490 | _a | ||
| 650 | 0 | 4 | _aالروح |
| 650 | 0 | 4 | _aالروحانيات |
| 650 | 0 | 4 | _aتناسخ الارواح |
| 650 | 0 | 4 | _aالحياة الروحية |
| 942 |
_2ddc _cBK |
||
| 999 |
_c56218 _d56218 |
||